Periodontology : Exam Preparatory Manual for Undergraduates (Record no. 22664)

MARC details
000 -LEADER
fixed length control field 00507nam a22001937a 4500
003 - CONTROL NUMBER IDENTIFIER
control field SGT
020 ## - INTERNATIONAL STANDARD BOOK NUMBER
International Standard Book Number 9788131229996
082 ## - DEWEY DECIMAL CLASSIFICATION NUMBER
Classification number 617.632 P12B
100 ## - MAIN ENTRY--PERSONAL NAME
Personal name Bains, Vivek
245 ## - TITLE STATEMENT
Title Periodontology : Exam Preparatory Manual for Undergraduates
250 ## - EDITION STATEMENT
Edition statement 1st
260 ## - PUBLICATION, DISTRIBUTION, ETC. (IMPRINT)
Place of publication, distribution, etc Delhi, India
Name of publisher, distributor, etc Elsevier
Year of Publication 2012
300 ## - PAGE DESCRIPTION
No. of Pages 467
650 ## - SUBJECT ADDED ENTRY--TOPICAL TERM
Topical term or geographic name as entry element Periodontology
653 ## - KEYWORDS--INDEX TERM
Keyword term Periodontology; Periodontal Disease; Gingival Disease
700 ## - ADDED ENTRY--PERSONAL NAME
Personal name Gupta, Vivek
700 ## - ADDED ENTRY--PERSONAL NAME
Personal name Bansal, Jyoti
942 ## - ADDED ENTRY ELEMENTS (KOHA)
Source of classification or shelving scheme Dewey Decimal Classification
Koha item type Books
942 ## - ADDED ENTRY ELEMENTS (KOHA)
-- 1
Holdings
Withdrawn status Lost status Source of classification or shelving scheme Damaged status Not for loan Home library Current library Date acquired SGTU Total Checkouts Full call number Accession No. (Barcode) Date last seen Date last borrowed Bill Date Koha item type
    Dewey Decimal Classification     SGT Dental Library SGT Dental Library 26/04/2022 SGTU 2 617.632 P12B FD8487 10/04/2026 08/04/2026 26/04/2022 Books